• 首页
  • 本馆介绍
  • 公告通知
  • 最新文献
  • 馆藏检索
  • 电子资源
  • 读者导购
  • 参考咨询
  • 我的图书馆
  • 登录
  • 详细信息显示
  • 放入我的书架
  • 预约/预借图书
  • 作者相关作品
  • 分类相关作品
  • 丛书相关作品
  • 出版社相关作品

书目信息

  • 表格格式
  • 工作单格式
  • 卡片格式
题名:
中东非洲发展报告
    
 
作者: 杨光 主编 ;王健 编
分册: No.7(2003~2004)   阿富汗战争后的中东问题
出版信息: 北京   社会科学文献出版社  2004
页数: 338页
开本: 22cm
丛书名: 国际形势黄皮书
单 册:
中图分类: D815.4
科图分类:
主题词: 中东问题 , 中东问题--研究--文集
电子资源:
ISBN: 7-80190-242-4
000 01020oam2 2200289 450
001 020000015835
005 20060106090727.04
010    @a7-80190-242-4@dCNY30.00
092    @aCN
100    @a20040806d2004 ekmy0chiy0120 ea
101 0  @achi
102    @aCN@b110000
105    @ak z 000yy
200 1  @a中东非洲发展报告@9zhong dong fei zhou fa zhan bao gao@hNo.7(2003~2004)@i阿富汗战争后的中东问题@f杨光主编@Fyang guang zhu bian@g王健编
210    @a北京@c社会科学文献出版社@d2004
215    @a338页@d22cm
225 2  @a国际形势黄皮书
330    @a本书是中国社会科学院西亚非研究所推出的新的关于中东非洲的形势状况的发展报告,汇集了国内该领域专家学者的最新研究成果。
461  0 @12001 @a国际形势黄皮书
517 1  @a阿富汗战争后的中东问题@9a fu han zhan zheng hou de zhong dong wen ti
606 0  @a中东问题
606 0  @a中东问题@x研究@j文集
690    @aD815.4@v4
701  0 @a杨光@Ayang guang@4主编
702  0 @a王健@Awang jian@4编
801  0 @aCN@bCXYBOOK@c20060106
905    @a10447@dD815.4@e62:7
    
    中东非洲发展报告.No.7(2003~2004).阿富汗战争后的中东问题/杨光主编/王健编.-北京:社会科学文献出版社,2004
    338页;22cm.-(国际形势黄皮书)
    
    
    ISBN 7-80190-242-4:CNY30.00
    本书是中国社会科学院西亚非研究所推出的新的关于中东非洲的形势状况的发展报告,汇集了国内该领域专家学者的最新研究成果。
●
相关链接 在E读中查询图书 在五车中查询图书 在当当中查询图书 在豆瓣中查询图书


正题名:中东非洲发展报告     索取号:D815.4/62:7         预约/预借

序号 登录号 条形码 馆藏地/架位号 状态 备注
1 0374106   203741068   第一样本阅览室/ [索取号:D815.4/62:7] 在馆    
2 0374107   203741077   第一借阅区/ [索取号:D815.4/62:7] 在馆    
3 0374108   203741086   第一借阅区/ [索取号:D815.4/62:7] 在馆    
4 0374109   203741095   第一借阅区/ [索取号:D815.4/62:7] 在馆    
唐山师范学院图书馆 欢迎您!
大连网信软件有限公司© 版权所有